000 00595nam a2200241Ia 4500
003 OSt
005 20221007101933.0
006 a|||||r|||| 00| 0
007 ta
008 221006b |||||||| |||| 00| 0 eng d
024 _a8,913
037 _cTextual
040 _aLCO
_cLCO
_beng
041 _2eng
_aeng
082 _aZm2,N74, L4
245 0 _aThe Criminal Law Journal, Part-I & II
260 _aNagpur
_bAIR Ltd.
_c1974
300 _a736, 1536
490 _v1
650 _aCRIMINAL LAW JOURNAL
942 _hZm2,N74, L4
_cTEXL
999 _c1178476
_d1178476